Every Silksong Tool - Statistics

General Stats
  • This quiz has been taken 137 times
  • The average score is 36 of 67
Answer Stats
Answer % Correct
Beast
92%
Hunter
92%
Wanderer
92%
Reaper
91%
Shaman
91%
Witch
89%
Architect
86%
Silk Spear
85%
Thread Storm
78%
Compass
74%
Rune Rage
73%
Cross Stitch
72%
Magnetite Dice
72%
Longpin
69%
Threefold Pin
69%
Pale Nails
68%
Tacks
66%
Cogfly
65%
Sharpdart
65%
Flea Brew
64%
Straight Pin
62%
Magnetite Brooch
61%
Druid's Eye(s)
59%
Pimpillo
59%
Pollip Pouch
59%
Plasmium Phial
57%
Shard Pendant
55%
Flintslate
54%
Curveclaw/Curvesickle
51%
Injector Band
51%
Magma Bell
51%
Silkspeed Anklets
51%
Dead Bug's Purse
50%
Longclaw
50%
Silkshot
50%
Voltvessels
50%
Multibinder
49%
Volt Filament
49%
Claw Mirror(s)
47%
Warding Bell
47%
Fractured Mask
45%
Thief's Mark
45%
Wreath of Purity
45%
Scuttlebrace
43%
Barbed Bracelet
42%
Cogwork Wheel
42%
Delver's Drill
41%
Rosary Cannon
41%
Snare Setter
41%
Ascendant's Grip
39%
Egg of Flealia
39%
Sawtooth Circlet
39%
Sting Shard
39%
Weavelight
39%
Reserve Bind
38%
Snitch Pick
38%
Spider Strings
38%
Conchcutter
36%
Pin Badge
34%
Throwing Ring
34%
Weighted Belt
34%
Memory Crystal
31%
Needle Phial
31%
Spool Extender
31%
Wispfire Lantern
30%
Quick Sling
27%
Shell Satchel
24%
No matching quizzes found
Score Distribution
Percent of People with Each Score
Percentile by Number Answered
Your Score History
You have not taken this quiz